000
00244nam a2200097Ia 4500
001
683718
005
20250826161444.0
008
250824s9999 xx 000 0 und d
245
0
_a
KURANI KERİM LUGATI
_c
MAHMUT ÇANGA
260
_b
TİMAŞ YAYINLARI
999
_c
683718
_d
683718